00234nam a2200085Ia 450000500170000000800410001724500630005826000100012199900170013120250523155752.0250523s9999 xx 000 0 und d 0aYurdumu Özledim Gökkuş Diz cGülten Dayıoğlu bALTIN c12138d12138